UBT Library

Betrayed As Boys Psychodynamic Treatment Sexuallity Abused Men (Record no. 48020)

000 -LEADER
fixed length control field 00342nam a22001337a 4500
008 - FIXED-LENGTH DATA ELEMENTS--GENERAL INFORMATION
fixed length control field 180919b xxu||||| |||| 00| 0 eng d
020 ## - INTERNATIONAL STANDARD BOOK NUMBER
International Standard Book Number 9781572306448
041 ## - LANGUAGE CODE
Language code of text/sound track or separate title eng
080 ## - UNIVERSAL DECIMAL CLASSIFICATION NUMBER
Universal Decimal Classification number 159.9
100 ## - Rafti
Rafti 47
101 ## - Shkurtesa
Shkurtesa PSI
245 ## - TITLE STATEMENT
Title Betrayed As Boys Psychodynamic Treatment Sexuallity Abused Men
Statement of responsibility, etc Gartner.R.B
942 ## - ADDED ENTRY ELEMENTS (KOHA)
Source of classification or shelving scheme
Item type Books

No items available.

UBT Library © 2015-2024. All rights reserved University Education for Business and Technology